000 00602nam a2200229Ia 4500
003 OSt
005 20220918213412.0
006 a|||||r|||| 00| 0
007 ta
008 220917b |||||||| |||| 00| 0 eng d
024 _a132,523
037 _cTextual
040 _aARTS
_cARTS
_beng
041 _2eng
_aeng
082 _aX:9.61.N5, J5
100 _aElkan W
_9126815
245 0 _aAfrican ulabour force
_b Two case studies in East African factory employment
260 _c1955
650 _aECONOMICS
942 _hX:9.61.N5, J5
_cTEXL
_2CC
999 _c255634
_d255634